000 00788nam a2200265 a 4500
008
049 _aMAIN
090 _aHF5549.5.M63
100 1 _aGellerman, Saul W.
245 1 0 _aManagement by motivation /
_cSaul W. Gellerman.
260 _asl :
_bAmerican Management Association,
_cc1968
300 _a286 p. ;
_c24 cm.
504 _aIncludes bibliographical references.
500 _aIncludes index.
650 0 _aIndustrial management.
650 0 _aMotivation (Psychology).
650 2 _aMotivation .
650 2 _aPersonnel Management.
710 2 _aAmerican Management Association.
907 _a.b10074788
_b23-01-04
_c17-04-03
003
005 20230123133250.0
040 _cNUST
942 _cBOOKS
_kHF5549.5.M63
999 _c145601
_d145601